000 00304nam a22001217a 4500
008 170713b xxu||||| |||| 00| 0 eng d
041 _aeng
080 _a038
100 _a23
101 _aFJA
245 _aTHE NEW APPLETON DICTIONARY ENGLISH PORTUGUESE LANGUAGE
_cHIOUAISS.A
942 _2udc
_cBK
999 _c20403
_d20403